000 01093nam a22002297a 4500
999 _c20192
_d20192
003 AR-CdUCM
008 190307b ||||| |||| 00| 0 spa d
040 _aMUNICIPALIDAD PROVINCIAL DEL CUSCO
_cBIBLIOTECA MUNICIPAL DEL CUSCO
082 _a333.322 /
_bF55
_22ed.
100 _aFioravanti, Eduardo
_912848
245 _aLatifundio y sindicalismo agrario en el Perú :
_bel caso de los valles de La Convención y Lares, 1958-1964 /
260 _aLima :
_bInstituto de Estudios Peruanos,
_c1976.
300 _a217 paginas ;
_c21 cm.
505 _aLa estructura socio-económica de los valles de La Convención y Lares antes del levantamiento campesino -- La estructura agraria -- La institución de la hacienda y la sociedad rural -- Los sindicatos campesinos: una organización dinámica -- El origen de sindicatos campesinos -- La organización del campesinado ...
650 _aHaciendas
_96478
650 _aSindicatos Campesinos
_98717
650 _aLatifundio
_912849
650 _aPerú
_935
710 _aInstituto de Estudios Peruanos
_936
942 _2ddc
_cLIBROS
945 _aJavier